Statistiques concernant Capitales les plus proches de Vientiane

Cliquez ici pour prendre le quiz!

Statistiques générales

  • Ce quiz a été pris 41 fois
  • Le résultat moyen est 16 sur 20

Statistiques - réponses

kmcapitale% Correct
521Bangkok
98%
482Hanoï
98%
2778Pékin
95%
2731Jakarta
93%
1854Singapour
90%
1652Kuala Lumpur
88%
2846New Delhi
88%
754Phnom Penh
88%
3222Séoul
85%
2109Taipei
83%
2076Katmandou
78%
1424Dacca
75%
3239Pyongyang
75%
1999Manille
73%
3353Oulan-Bator
73%
1700Thimphou
73%
3418Islamabad
60%
1979Bandar Seri
Begawan
58%
716Naypyidaw
58%
2753Colombo
45%

Distribution des résultats

Percentile par nombre de réponses

% des personnes avec chaque résultat

Votre développement - résultats

Vous n’avez pas pris ce quiz